000 00649nam a2200217Ia 4500
001 15181
003 GE_BSU
008 181216s||||||||xx |||||||||||||| ||und||
040 _cGE_BSU
080 _a821.353.1-32
100 _aშამანაძე, ნოდარ
245 _aსამახარობლო
245 _bმოთხრობები
245 _cრედ:მ.ქოიავა;მხატვ;ო.ჯიშკარიანი
260 _aთბილისი.
260 _bმერანი
260 _c1969
300 _a174გვ;20სმ.
653 _aმოთხრობები
942 _cBK
999 _c48294
_d48294